000 00198nam a22000857a 4500
008 160630b xxu||||| |||| 00| 0 eng d
100 _91531
_aMohan, V
245 _aBody Language
260 _aD
_bRaja
_c2003
999 _c1263
_d1263